| 000 | 00440nam a2200145 4500 | ||
|---|---|---|---|
| 003 | OSt | ||
| 082 |
_a631.3 _bSRI/DE |
||
| 088 | _aT564 | ||
| 100 |
_aSrinivas, Jinukala _96958 |
||
| 245 | _aDevelopment and testing of a tractor operated coconut basin lister cum fertilizer aaplicator / | ||
| 260 |
_aTavanur : _bDepartment of Farm Machinery and Power Engineering, _c2023 |
||
| 500 | _aPhD Thesis | ||
| 700 | _aJayan, P R (Guide) | ||
| 942 | _cTH | ||
| 999 |
_c19047 _d19047 |
||